Érase una vez un músico : /

Detalles Bibliográficos
Autor principal: Sánchez Gil, Pablo Andrés (Autor)
Formato: Electrónico eBook
Lenguaje:español
Publicado: Cali, Valle del Cauca, Colombia : Universidad Autónoma de Occidente, [2023]
Materias:
Acceso en línea:Digitalia Hispánica

MARC

LEADER 00000nam a2200000Ii 4500
001 DIGUAOCCTE0110
003 NyNyDIG
006 m o d
007 cr |||||||||||
008 240915s2023 ck a o 000 0 spa d
035 |a (OCoLC)1456948262 
040 |a DGITA  |b eng  |e rda  |e pn  |c DGITA 
020 |a 9789586191579  |q pdf 
020 |a 9789586191586  |q ePub 
020 |z 9789586191562  |q impreso 
043 |a s-ck--- 
050 1 4 |a M1578 ebook 
100 1 |a Sánchez Gil, Pablo Andrés,  |e author. 
245 1 0 |a Érase una vez un músico :  |b  /  |c Pablo Andrés Sánchez Gil [and 5 others]. 
264 1 |a Cali, Valle del Cauca, Colombia :  |b Universidad Autónoma de Occidente,  |c [2023] 
300 |a 1 online resource :  |b illustrations. 
336 |a text  |b txt  |2 rdacontent 
337 |a computer  |b c  |2 rdamedia 
338 |a online resource  |b cr  |2 rdacarrier 
347 |a text file  |2 rdaft 
347 |b PDF 
588 0 |a Online resource; title from PDF title page (Digitalia, viewed September 15, 2024) 
650 0 |a Music  |z Colombia. 
776 0 8 |i Print version:  |a Sánchez Gil, Pablo Andrés.  |t Érase una vez un músico.  |d Cali, Valle del Cauca, Colombia : Universidad Autónoma de Occidente, [2023]  |z 9789586191562 
791 2 |a Digitalia (Firm),  |e distributor. 
793 0 |g Digitalia eBook Collection:  |a Universidad Autónoma de Occidente 
856 4 0 |3 Digitalia Hispánica  |u https://www.digitaliapublishing.com/a/157210/ 
910 |a Premium collection: 2024